Quizzes
Events
Quiz Creation
Community
Videos
Private Events
Remove Ads
Sign In
Join for FREE
Feedback
Dark Mode
Quiz Categories
Sports
Geography
Music
Movies
Television
Just For Fun
Miscellaneous
History
Literature
Language
Science
Gaming
Entertainment
Religion
Holiday
For Kids
Quiz Lab
Recent
Popular Today
Quiz Kudos Today
Editor Picks
Curator Picks
Quizzes by...
Day
Popularity
Type
Ratings
Length
Year
Community
Subscriptions
Recent Discussions
Orange Saloon
Badges
Playlists
Quests
Create
Leaderboards
Showdown
Live 5
Trivia Bingo
Activity
Puzzle Library
Sporcle Events
Private Events
Virtual Trivia
Globe League
Become a Host
Pub Owners
SporcleCon
Opinionation
Our Games
Videos
Blog
Mobile Apps
Partnerships
Remove Ads and Go Orange
Feedback
Sports
Athletes
MLB
NBA
NHL
NFL
Soccer
Sports Teams
WWE
NCAA
Football
Premier League
Basketball
Baseball
Hockey
Golf
Tennis
Cricket
Rugby
Auto Racing
Olympics
World Cup
Sports
Athletes
MLB
NBA
NHL
NFL
Soccer
Sports Teams
WWE
NCAA
Football
Premier League
Basketball
Baseball
Hockey
Golf
Tennis
Cricket
Rugby
Auto Racing
Olympics
World Cup
Random Quiz
Search Sporcle
×
Quiz Lab
Quiz Lab
Sports
cup
Type in answers that appear in a list
Type in answers that appear in a list
Classic
Best Score? Go Orange.
1982 NASCAR Winston Cup Winners Stats
Can you name the 1982 NASCAR Winston Cup Winners?
By
Gaimsco
10m
33 Questions
252 Plays
252 Plays
252 Plays
Comments
Comments
Give Quiz Kudos
Give Quiz Kudos
-
- Ratings
hide this ad
Replay
Link that replays current quiz
Next Quiz
Link to next quiz in quiz playlist
You Got
0%
They Got
Avg Score
92%
Avg Friend Score
Upgrade to see
Score Distribution
Jump to the score distribution portion of the page
Score
0/33
Timer
10:00
0
Plays Today
Race
Race Winner
% Correct
Valleydale 500 (Bristol)
Darrell Waltrip
98%
Coca-
Cola 500 (Atlanta)
Darrell Waltrip
98%
Northwestern Bank 400 (North Wilkesboro)
Darrell Waltrip
98%
Winston 500 (Talladega)
Darrell Waltrip
98%
Cracker Barrel 420 (Nashville)
Darrell Waltrip
98%
Busch Nashville 420
Darrell Waltrip
98%
Talladega 500
Darrell Waltrip
98%
Busch 500 (Bristol)
Darrell Waltrip
98%
CRC Chemicals 500 (Dover)
Darrell Waltrip
98%
Holly Farms 400 (North Wilkesboro)
Darrell Waltrip
98%
Old Dominion 500 (Martinsville)
Darrell Waltrip
98%
Hodgdon American 500 (Rockingham)
Darrell Waltrip
98%
Busch Clash (Daytona)
Bobby Allison
96%
UNO Twin 125 Race 1 (Daytona)
Cale Yarborough
96%
Daytona 500
Bobby Allison
96%
Hodgdon Carolina 500 (Rockingham)
Cale Yarborough
96%
CRC Rebel 500 (Darlington)
Dale Earnhardt
96%
Race
Race Winner
% Correct
Mason-
Dixon 500 (Dover)
Bobby Allison
96%
Van Scoy 500 (Pocono)
Bobby Allison
96%
Gabriel 400 (Michigan)
Cale Yarborough
96%
FireCracker 400 (Daytona)
Bobby Allison
96%
Mountain Dew 500 (Pocono)
Bobby Allison
96%
Champion 400 (Michigan)
Bobby Allison
96%
Southern 500 (Darlington)
Cale Yarborough
96%
Wrangler SanforSet 400 (Richmond)
Bobby Allison
96%
Atlanta Journal 500
Bobby Allison
96%
World 600 (Charlotte)
Neil Bonnett
84.5%
Virginia National Bank 500 (Martinsville)
Harry Gant
79%
National 500 (Charlotte)
Harry Gant
79%
Budweiser 400 (Riverside)
Tim Richmond
76.6%
Winston Western 500 (Riverside)
Tim Richmond
76.6%
UNO Twin 125 Race 2 (Daytona)
Buddy Baker
75.4%
Richmond 400
Dave Marcis
57.9%
Quiz Playlist
Details
Report
Send in Message
Add To Playlist
Classic:
Type in answers that appear in a list
Quiz Source
Last Updated: Feb 16, 2017
Quiz Scoreboard
CHALLENGE
Sign Up to Join the Scoreboard
Show All
Scores
Hide
Comments
May contain spoilers
Recently Published
NBA Finals Game Top Scorers (2010s)
by flibbidy
Sports
5m
Guess the 'R' Things in 3 Words
by MSUKent
Miscellaneous
3m
Actor to Badly Drawn Movie III
by MoMosMoProblems
Movies
5m
More to Explore
Quiz From the Vault
Featured Blog Post
Where Does Lost Luggage Go?
hide this ad
You Might Also Like...
Tags
1982
cup
NASCAR
race
Winner
Winston
Today's Top Quizzes in Sports
Browse Sports
hide this ad
Today's Top Quizzes in cup
Browse cup
Top Contributed Quizzes in Sports
1
Les joueurs à 100 buts en Ligue 1 Uber Eats
2
2022 World Cup Stars
3
2024 March Madness Bracket
4
Millionaire: NBA Finals Edition
5
Players with Multiple 50 Home Run Seasons
6
Criteria MLB: Left Handed Sluggers
7
Nickname Match: Athletes VI
8
Iconic Moments in Football - Multiple Choice
9
NFL MVPs ordered
10
NBA Championships Per City
Explore More
Trending Topics
Crossword
NBA
Kpop
Anime
Marvel
Harry Potter
Disney
Puzzle
Country
WWE
Song
Soccer
The Office
Pokémon
NFL
hide this ad
More By:
Gaimsco
Quiz
Plays
Rating
Category
Featured
Created
1985 NASCAR Winston Cup Winners
1,343
4.59
Sports
Mar 23, 2011
1994 NASCAR Winston Cup Winners
693
4.29
Sports
Dec 13, 2010
NASCAR Sonoma Raceway Winners
641
5.00
Sports
Jun 18, 2010
1993 NASCAR Winston Cup Winners
506
5.00
Sports
Dec 13, 2010
1992 NASCAR Winston Cup Winners
476
4.83
Sports
Dec 13, 2010
Go to Creator's Profile
Score Distribution
Quiz Creator Spotlight
Gaimsco
Follow
Send a Message
Quizzes Created
-
Created Quiz Play Count
-
More By This Creator
Popular Quizzes Today
1
Find the US States - No Outlines Minefield
2
Find the US States
3
The Countries of the World
4
10 Largest US States in Order
5
Find the Countries of Europe - No Outlines Minefield
6
US States
7
Guess the 'R' Things in 3 Words
8
NBA Finals Game Top Scorers (2010s)
More Sports Quizzes
Famous Winter Olympic Medalists II: Internat'l (slides)
Editor's Pick
Trending Quizzes
First Name TV: Leading Men
Match the Book to the Film II
First Name TV: Leading Women Drama
Pick A Pair: Religious TV
Match the Book to the Film VI
Recently Updated
Women's Final Four Teams by Year
bhenderson79
Presidents Quartet II
eogle
Anything But Clue(do)
eogle
Anything But Oceanian Capitals
eogle
Anything But 7
eogle
Anything But Thing
eogle
Word Ladder: February 29
pecheneg
Song Title Questions
pecheneg
Women's NCAA Tournament #1 Seeds
pecheneg
Celebrity Mug Shots
pecheneg
Trending Topics
Harry Potter
Crossword
Marvel
NBA
Kpop
Disney
Anime
The Office
WWE
Soccer
Country
NFL
Song
Pokémon
Puzzle
Your Account Isn't Verified!
In order to create a playlist on Sporcle, you need to verify the email address you used during registration. Go to your
Sporcle Settings
to finish the process.
Report this User
Report this user for behavior that violates our
Community Guidelines
.
Details:
Send Report
Go to the Sporcle.com Mobile Site →
Comments